Detalles MARC
| 000 -CABECERA |
| Longitud fija campo de control |
01893nam a2200325 i 4500 |
| 005 - • FECHA Y HORA DE LA ÚLTIMA TRANSACCIÓN |
| Fecha y hora de la última transacción |
20220316235437.0 |
| 007 - • CAMPO FIJO DE DESCRIPCIÓN FÍSICA |
| Campo fijo de descripción física |
ta |
| 008 - • CÓDIGOS DE INFORMACIÓN DE LONGITUD FIJA |
| Códigos de información de longitud fija |
200425s1999 ck gr 000 0 spa d |
| 020 ## - • NÚMERO INTERNACIONAL NORMALIZADO PARA LIBROS |
| Número Internacional Normalizado para Libros (ISBN) |
9586142922 |
| 040 ## - FUENTE DE LA CATALOGACIÓN |
| Centro catalogador de origen |
CO-BoRNBP |
| Lengua de catalogación |
spa |
| Normas de descripción |
rda |
| Centro transcriptor |
CO-BoRNBP |
| 041 0# - • CÓDIGO DE LENGUA |
| Código de lengua del texto/banda sonora o título independiente |
spa |
| 043 ## - CÓDIGO DE ÁREA GEOGRÁFICA |
| Código de área geográfica |
s-ck--- |
| 082 04 - • NÚMERO DE LA CLASIFICACIÓN DECIMAL DEWEY |
| Número de clasificación (R) |
079.861 |
| Número del ítem |
C17h |
| Número de edición |
23 |
| 100 1# - • PUNTO DE ACCESO PRINCIPAL-NOMBRE DE PERSONA |
| Nombre de persona |
Castro Caycedo, Germán |
| Fechas asociadas al nombre |
1940- |
| Término indicativo de función |
autor |
| 245 13 - • TITULO PROPIAMENTE DICHO |
| Título |
El hueco |
| Mención de responsabilidad, etc. |
Germán Castro Caycedo |
| 250 ## - • MENCIÓN DE EDICIÓN |
| Mención de edición |
Décima séptima edición |
| 264 #1 - PRODUCCIÓN, PUBLICACIÓN , DISTRIBUCIÓN, FABRICACIÓN Y COPYRIGHT |
| Lugar de producción, publicación, distribución, fabricación |
Bogotá, Colombia |
| Nombre del productor, editor, distribuidor, fabricante |
Planeta |
| Fecha de de producción, publicación, distribución, fabricación o copyright |
1999 |
| 300 ## - • DESCRIPCIÓN FÍSICA |
| Extensión |
342 páginas |
| Dimensiones |
22 cm |
| 336 ## - TIPO DE CONTENIDO |
| Término de tipo de contenido |
texto |
| Código de tipo de contenido |
txt |
| Fuente |
rdacontent |
| 337 ## - TIPO DE MEDIO |
| Nombre del tipo de medio |
sin mediación |
| Código del tipo de medio |
n |
| Fuente |
rdamedia |
| 338 ## - TIPO DE SOPORTE |
| Nombre del tipo de soporte |
volumen |
| Código del tipo de soporte |
nc |
| Fuente |
rdacarrier |
| 490 0# - • MENCIÓN DE SERIE |
| Mención de serie |
Biblioteca Germán Castro Caycedo |
| 520 ## - • NOTA DE RESUMEN |
| Resumen, etc, |
"Para ninguno de los emigrantes colombianos el éxodo ha sido fácil. La mayoría trabaja incansablemente para ahorrar unos dólares y enviárselos a su familia en Cali, Pereira o en Medellín, pero muchos sienten que no podrán volver jamás por simple orgullo: han sido incapaces de alcanzar aquel sueño americano que los atrajo en busca de la riqueza y, desde luego, de la respetabilidad que les niega Colombia. Los más antiguos llegaron sin problemas porque hasta hace unos años, cuando la presión no era tan grande, podían obtener fácilmente una visa de turismo y gracias a ella ingresaban y se quedaban. Ahora los controles son minuciosos y prácticamente la totalidad ha venido por el hueco, es decir, en forma clandestina a través de la frontera con México, desde Bahamas en bote o en avión, e incluso algunos por Haití |
| 521 ## - • NOTA DE PÚBLICO DESTINATARIO |
| Nota público destinatario (R ) |
Recomendado a partir de los 19 años |
| 650 17 - • PUNTO DE ACCESO ADICIONAL DE MATERIA - TÉRMINO DE MATERIA |
| Término de materia o nombre geográfico como elemento inicial |
Emigración e inmigración |
| Subdivisión de materia general |
Relatos personales |
| Subdivisión de forma |
Investigaciones |
| Fuente del encabezamiento o término |
ARMARC |
| 650 17 - • PUNTO DE ACCESO ADICIONAL DE MATERIA - TÉRMINO DE MATERIA |
| Término de materia o nombre geográfico como elemento inicial |
Migración humana |
| Subdivisión de materia general |
Aspectos socioeconómicos |
| Fuente del encabezamiento o término |
ARMARC |
| 650 17 - • PUNTO DE ACCESO ADICIONAL DE MATERIA - TÉRMINO DE MATERIA |
| Término de materia o nombre geográfico como elemento inicial |
Periodismo |
| Subdivisión de materia general |
Investigaciones |
| Fuente del encabezamiento o término |
ARMARC |
| 650 17 - • PUNTO DE ACCESO ADICIONAL DE MATERIA - TÉRMINO DE MATERIA |
| Término de materia o nombre geográfico como elemento inicial |
PeriodÍstas colombianos |
| Fuente del encabezamiento o término |
ARMARC |
| 942 ## - ENTRADA DE ELEMENTOS AGREGADOS (KOHA) |
| Fuente de clasificaión o esquema |
Dewey Decimal Classification |
| Koha [por defecto] tipo de item |
LIbro |